| 000 | 00825cam a2200241 i 4500 | ||
|---|---|---|---|
| 001 | bg | ||
| 003 | BPK | ||
| 005 | 20200419204121.0 | ||
| 008 | 040519s1976 pl f |001 0 pol | ||
| 015 | _aPB 1976/3349 | ||
| 040 | _cBPK | ||
| 041 | 0 | _apol | |
| 080 | _a621.317 | ||
| 100 | 1 |
_aSzczepaniak, Czesław _d(1928-2013) _eAutor |
|
| 245 | 1 | 0 |
_aKompensatory prądu przemiennego / _cCzesław Szczepaniak. |
| 260 |
_aWarszawa : _bWydawnictwa Naukowo-Techniczne, _c1976 _e(Pozn : _fPZGMK). |
||
| 300 |
_a182, [1] s. ; _c25 cm + _eRysunki : 35 s. |
||
| 504 | _aIndeks. | ||
| 650 | 4 |
_aElektrotechnika _xpomiary _xurządzenia. |
|
| 710 | 2 |
_aWydawnictwa Naukowo-Techniczne _4pbl. |
|
| 856 |
_uhttp://koha.tu.koszalin.pl/cgi-bin/koha/opac-detail.pl?biblionumber=16845 _yKatalog online BPK |
||
| 942 |
_2UKD _cKS |
||
| 999 |
_c16845 _d16845 |
||